| 000 | 00898nam a2200289 a 4500 | ||
|---|---|---|---|
| 001 | 000026408 | ||
| 003 | OSt | ||
| 005 | 20240412074252.0 | ||
| 007 | ta | ||
| 008 | 091102s1955 dr a 000 f spa d | ||
| 040 |
_aDO-SdBNP _bspa _cDO-SdBNP |
||
| 041 | _hspa | ||
| 049 | _a | ||
| 082 | 4 |
_aRD863.4 _bC422s1955 _222 |
|
| 100 | 1 |
_aCestero, Tulio M., _q(Tulio Manuel), _d1877-1955 _91698 |
|
| 245 | 1 | 3 |
_aLa sangre : _buna vida bajo la tiranía / _cTulio M. Cestero : introducción Vertilio Alfau Duran |
| 250 | _a2a ed corr. | ||
| 260 |
_aSanto Domingo : _bLibrería Dominicana, _c1955. |
||
| 300 |
_a214 p. : _bil. ; _c19 cm. |
||
| 590 | _ainventariado, 2020/VM | ||
| 650 | 4 |
_aNovela dominicana. _9860 |
|
| 650 | 0 |
_aLiteratura dominicana. _967 |
|
| 700 |
_aAlfau Duran, Vertilio _eintr. _977433 |
||
| 910 | _aVMateo / Validado. Control de calidad. MAA | ||
| 942 |
_2ddc _cLBS1 |
||
| 956 | _a | ||
| 999 |
_c25900 _d25900 |
||